|
|
|
|
| LEADER |
01693nam a2200313 a 4500 |
| 001 |
GR-Patra24984 |
| 008 |
080331s2006 gr g 001 0 gre|c |
| 020 |
|
|
|a 9602099704
|
| 040 |
|
|
|a GrPaTEI
|b gre
|c GR-PaULI
|
| 082 |
|
0 |
|a 005.7585
|2 22
|
| 100 |
1 |
|
|a Stanek, William R.
|
| 240 |
1 |
0 |
|a Microsoft SQL server 2005 administrator's pocket consultant.
|l Ελληνικά
|
| 245 |
1 |
2 |
|a Ο βοηθός διαχειριστή του Microsoft SQL Server 2005 /
|c William R. Stanek ; [μετάφραση Χριστίνα Σωτηροπούλου, Δημήτρης Τσιλογιάννης ; επιμέλεια έκδοσης Κώστας Καρανικολός].
|
| 260 |
|
|
|a Αθήνα :
|b Κλειδάριθμος,
|c 2006.
|
| 300 |
|
|
|a 656 σ. :
|b εικ. ;
|c 24 εκ.
|
| 500 |
|
|
|a Μετάφραση του: Microsoft SQL server 2005 administrator's pocket consultant.
|
| 500 |
|
|
|a Περιλαμβάνει ευρετήριο.
|
| 630 |
0 |
0 |
|a SQL server.
|
| 650 |
|
0 |
|a Client/server computing.
|
| 650 |
|
0 |
|a Relational databases.
|
| 650 |
|
4 |
|a Λειτουργία πελάτη/διακομιστή.
|
| 650 |
|
4 |
|a Σχεσιακές βάσεις δεδομένων.
|
| 700 |
1 |
|
|a Καρανικολός, Κώστας
|e επιμελητής.
|
| 700 |
1 |
|
|a Σωτηροπούλου, Χριστίνα
|e μεταφράστρια.
|
| 700 |
1 |
|
|a Τσιλογιάννης, Δημήτρης
|e μεταφραστής.
|
| 942 |
|
|
|2 ddc
|
| 952 |
|
|
|0 0
|1 0
|2 ddc
|4 0
|6 005_758500000000000_STA
|7 1
|9 306377
|a LISK
|b LISK
|c BSC
|d 2021-01-17
|e 24
|f 0
|g 0.00
|l 0
|o 005.7585 STA
|p 92410038576
|r 2021-01-17 00:00:00
|t 1
|w 2021-01-17
|y BKN
|x 20080331 0 0
|x GrPaTEI
|
| 971 |
|
|
|a .b26725563
|b 17-09-20
|c 26-09-16
|
| 999 |
|
|
|c 177048
|d 177048
|